| 000 | 00612nam a2200205Ia 4500 | ||
|---|---|---|---|
| 005 | 20260429112102.0 | ||
| 008 | 260429s9999||||xx |||||||||||||| ||und|| | ||
| 020 | _a9788126940295 | ||
| 041 | _aEnglish | ||
| 082 |
_a630.954 _bSAN |
||
| 100 | _aSanjeev Kumar | ||
| 245 | 0 |
_aState of Indian agriculture : _bagricultural productivity, food security and climate change / _cSanjeev Kumar |
|
| 250 | _a1st ed. | ||
| 260 |
_aNew Delhi : _bAtlantic Publishers and Distributors, _c2025. |
||
| 300 | _axxviii, 274 p.; hb | ||
| 650 | _a Climate change | ||
| 650 | _a India | ||
| 650 | _aAgriculture | ||
| 942 | _cTB | ||
| 999 |
_c52275 _d52275 |
||